Регионална библиотека "Любен Каравелов" - Русе

Десет слепи срещи (Запис номер 415786)

MARC детайли
000 -Лидер
Контролно поле с фиксирана дължина 00893nam a2200229 a 4500
003 - Код на организацията, давaща контролен номер
Контролно поле BLK
005 - Дата и час на последна редакция
Контролно поле 20250613093759.0
008 - Елементи от данни с фиксирана дължина
fixed length control field 210525b bu |||||r|||| 00| | bu d
020 ## - Международен стандартен номер на книга ISBN
Международен стандартен номер на книга ISBN 9786191573530
040 ## - Източник на каталожния запис
Идентификатор на билиотеката - собственик на записа BLK
041 ## - Код за език
Код за езика на текст/звукозапис или на отделно заглавие Български
Код за езика КДБФ Български
080 ## - УДК
Текстов определител УДК Американска литература (на САЩ)
УДК код - определител по УДК 821.111(73)
УДК - код + определител 821.111(73)-31
100 ## - Редна дума - Автор
R(LIN) 1299
Автор Елстън, Ашли
Авторска отговорност първи автор
245 ## - Сведения за заглавието
Заглавие Десет слепи срещи
Редно поле (дума) Ашли Елстън ; прев. от англ. Боряна Даракчиева
260 ## - Област на издателските данни
9 (RLIN) 213219
Място на издаване, разпространение и проч. София
Име на издателя, разпространителя и проч. Ибис
Година на издаване 2020
Издателство - префикс ISBN 978-619-157- ; 978-954-9321-
300 ## - Физическа характеристика
Страници 272 с.
Размери/Мащаб 20 см
380 ## - Жанр
Жанр Худож. лит.
700 ## - Други автори (авторска отговорност)
9 (RLIN) 1021
Лично име Даракчиева, Боряна Неделчева
Автороска отговорност (Описва отношението между автора и произведението) прев. от англ.
852 ## - Местоположение
Форматна сигнатура Цб 305471
Фондова буква Хранилище
942 ## - АРТИКУЛИ
Вид на библиотечния материал Книги
Скрит в OPAC Не
Koha issues (borrowed), all copies 14
999 ## - СИСТЕМНИ КОНТРОЛНИ НОМЕРА
Koha biblionumber 415786
Koha biblioitemnumber 415786
944 ## - СЪЗДАВАНЕ И РЕДАКЦИЯ на ЗАПИСА
Служител, извършил регистрацията/редакцията 30542
Статус, дата на статуса Русанова Ирена
Наличности
Код за отписване Код за изгубен артикул Източник на класификационната схема Код за повреда Коз за рестрикции Код за отдаване Артикулен № Име на библиотеката - собственик Име на библиотеката, в която се намира в момента Статус (Текущо местоположение) Дата на вписване в системата Местоположение - отдел Цена в лева Систематично азбучна сигнатура Баркод Цена в евро Служебен тип на артикула Инвентарен номер
  Не е изгубен Universal Decimal Classification Не е повреден само за читалня ползва се в читалня 832286 Регионална библиотека "Любен Каравелов" Русе Регионална библиотека "Любен Каравелов" Русе Хранилище 2021-05-26 Хранилище 13.90 Цб 305471 120000854846 7.11 Книги  
  Не е изгубен Universal Decimal Classification Не е повреден   заемане за дома 944093 Регионална библиотека "Любен Каравелов" Русе Регионална библиотека "Любен Каравелов" Русе Заемна - подръчен фонд 2024-06-13 Заемна - подръчен фонд 13.90 821-31/Е 55 А 120000909203 7.11 Книги 120000909203
Vip Innovations Ltd, Rousse, Bulgaria 2025